000 01139cam a2200349 a 4500
999 _c893
_d893
001 5172070
003 CaAEU
005 20210622065856.0
008 000413s2000 onca 001 0 eng d
016 _a999315250
020 _a013011491X (paper)
035 _aocm41932837
040 _aCaOTU
_beng
_cNLC
_dCaOWA
_dCaAEGMCT
050 _aHV7936
_b.G43 2000
055 3 _aHV7936
_b.G43 2000
055 0 0 _aHV7936 P75
_bG43 2000
090 _aHV7936 .P75 G43 2000
_bAEGMCT
100 1 _aGeerinck, Terri,
_d1958-
245 1 0 _aInterpersonal and group skills for law enforcement /
_cTerri M. Geerinck.
260 _a[Scarborough, Ont.] :
_bPrentice Hall Canada Career & Technology,
_cc2000.
300 _aix, 245 p. :
_bill. ;
_c24 cm.
336 _atext
_btxt
_2rdacontent
337 _aunmediated
_bn
_2rdamedia
338 _avolume
_bnc
_2rdacarrier
504 _aIncludes bibliographical references and index.
650 0 _aPolice training.
650 0 _aInterpersonal communication.
650 0 _aInterpersonal relations.
650 0 _aGroup relations training.
942 _2lcc
_cBK
_nDO
948 _a05/30/2003
_b05/27/2008
_zSirsi